Statistics for Random Questions Quiz

Click here to take the quiz!

General Stats

  • This quiz has been taken 31 times
  • The average score is 7 of 20

Answer Stats

QuestionAnswer% Correct
True or False: Hurricane Katrina happened in December 2005.False
88%
What country begins with the letter 'O'?Oman
76%
What is the symbol for Gold on the periodic table?Au
72%
What is next in this sequence: 1, 2, 3, 5, 8, ...?13
68%
On what social media platform would you find #BookTokTikTok
68%
How many hours are there in a week?168
64%
What fast food restaurant chain is known for its 'Golden Arches'?McDonald's
60%
How many Monarchs were there during the Tudor Period? (including a certain short-lived monarch!)7
48%
Who wrote Animal Farm?George Orwell
44%
Who was the reigning monarch of Great Britain in 1859?Queen Victoria
36%
Which American city is the Christmas film 'Elf' set in?New York City
28%
Who directed 'Get Out'?Jordan Peele
12%
What date of each year is associated with the Star Wars franchise?May 4th
12%
What is 3967 in Roman Numerals?MMMCMLXVII
12%
Who released the song 'I think he knows' in 2019?Taylor Swift
12%
What is Iceland (the country) an example of?A volcanic island
8%
Who did Keira Knightley play in the 2005 edition of Pride and Prejudice?Elizabeth Bennet
8%
Give the first names of Prince William and Princess Kate's children.George, Charlotte, Louis
8%
Who was the only ever British Prime Minister to be assassinated?Spencer Perceval
8%
What date did the world's population hit 8 billion?November 15th 2022
4%

Score Distribution

Percentile by Number Answered

Percent of People with Each Score

Your Score History

You have not taken this quiz